[Event "23rd ETCC Open 2021"]
[Site "Catez"]
[Date "2021.11.18"]
[Round "6.22"]
[White "Wojtaszek, Radoslaw"]
[Black "Nguyen, Thai Dai Van"]
[Result "1/2-1/2"]
[WhiteElo "2700"]
[BlackElo "2594"]
[Annotator "TA"]
[PlyCount "60"]
[EventDate "2021.11.08"]
[EventType "team-tourn"]
[EventCountry "SLO"]
[SourceTitle "playchess.com"]
[Source "ChessBase"]
[SourceQuality "1"]
[WhiteTeam "Poland"]
[BlackTeam "Czech Republic"]
[WhiteTeamCountry "POL"]
[BlackTeamCountry "CZE"]

{[%evp 12,60,29,33,44,41,47,24,22,16,18,22,29,40,42,45,37,1,18,0,0,-14,-6,-33,
0,-2,2,0,0,0,0,0,0,0,0,0,0,0,0,0,0,0,0,0,0,0,0,0,0,0,0]} 1. c4 e6 2. Nc3 d5 3.
d4 c5 4. cxd5 exd5 5. Nf3 Nc6 6. dxc5 d4 7. Na4 Bxc5 $1 {[%mdl 64] [#] Decoy.
D32: Tarrasch Defence: Sidelines and lines without g3.} 8. Nxc5 {Nb3 is the
strong threat.} Qa5+ 9. Bd2 Qxc5 {White has an edge.} 10. Rc1 Qb6 11. e3 dxe3
12. Bxe3 Qxb2 13. Bc4 {[#] Black must now prevent 0-0.} Nge7 14. O-O {
Threatens to win with Re1.} (14. Ng5 $5 {[%cal Rc4f7]} O-O 15. Qh5 $14 {
[%mdl 64] Double Attack}) 14... O-O $1 15. Nd4 {Hoping for Rc2.} Bf5 {[#]} 16.
Nxc6 $146 ({Predecessor:} 16. Nxf5 Nxf5 17. Bc5 Rfe8 18. Rb1 Qf6 19. Rxb7 Ne5
20. Bb5 Rec8 21. Ba3 Rd8 22. Qa4 a6 23. Be2 Rd2 24. Rb2 Rd4 25. Qb3 Qg5 26. f4
{1-0 (26) Radovanovic,N (2420)-Pecelj,N (2182) Novi Sad 2015}) 16... Nxc6 17.
Qf3 Bg6 18. Bd5 {The position is equal.} Rad8 {Strongly threatening ...Bd3.}
19. Bxc6 bxc6 20. Qxc6 Qxa2 21. Ra1 Qd5 22. Qxd5 Rxd5 23. Rxa7 Rfd8 24. h3 h6
25. Raa1 Bf5 26. Kh2 Be6 27. Rfe1 R5d7 28. Rac1 Rd5 29. Rc3 Rd3 30. Rxd3 Rxd3 {
Weighted Error Value: White=0.05/Black=0.02} 1/2-1/2

[Event "23rd ETCC Open 2021"]
[Site "Catez"]
[Date "2021.11.18"]
[Round "6.23"]
[White "Zilka, Stepan"]
[Black "Piorun, Kacper"]
[Result "1/2-1/2"]
[WhiteElo "2593"]
[BlackElo "2634"]
[Annotator "TA"]
[PlyCount "60"]
[EventDate "2021.11.08"]
[EventType "team-tourn"]
[EventCountry "SLO"]
[SourceTitle "playchess.com"]
[Source "ChessBase"]
[SourceQuality "1"]
[WhiteTeam "Czech Republic"]
[BlackTeam "Poland"]
[WhiteTeamCountry "CZE"]
[BlackTeamCountry "POL"]

{[%evp 11,60,0,15,0,0,-5,3,-8,-14,-5,0,8,19,12,12,12,5,5,16,18,12,8,18,18,4,0,
20,0,10,0,0,0,0,0,0,0,2,1,1,1,1,0,1,1,1,1,1,1,1,1,1]} 1. d4 Nf6 2. c4 e6 3. Nc3
Bb4 4. Qc2 d5 5. a3 Bxc3+ 6. Qxc3 O-O {The position is equal.} 7. e3 {E36:
Nimzo-Indian: Classical: 4...d5 5 a3.} b6 8. cxd5 Nxd5 9. Qc2 Bb7 10. Nf3 Nf6 {
[#]} 11. b4 $146 ({Predecessor:} 11. Be2 Nbd7 12. O-O c5 13. dxc5 Nxc5 14. b4
Nce4 15. Bb2 Rc8 16. Qa4 Nd5 17. Qxa7 {0-1 (31) Bredenhof,B (2230)-Yakovlyev,S
(2269) ICCF email 2017}) 11... Be4 12. Bd3 Bxd3 13. Qxd3 Qd5 14. O-O c5 15.
bxc5 bxc5 16. Bb2 Nbd7 {[%cal Bb8d7,Bd7b6,Bb6c4][%mdl 32]} 17. Qe2 cxd4 18.
Nxd4 Nb6 19. Rfd1 Rfc8 20. Nb5 Qc4 21. Qxc4 Nxc4 22. Bxf6 gxf6 23. h3 Rab8 24.
Nxa7 Rc7 {[#]} 25. Rac1 $1 Rbb7 26. Rd8+ Kg7 {[#]} 27. Rc8 $1 Rxa7 28. Rxc4
Rxc8 29. Rxc8 Rxa3 30. g3 f5 {A rather calm draw.  Weighted Error Value:
White=0.03/Black=0.04} 1/2-1/2

[Event "23rd ETCC Open 2021"]
[Site "Catez"]
[Date "2021.11.18"]
[Round "6.24"]
[White "Moranda, Wojciech"]
[Black "Plat, Vojtech"]
[Result "1-0"]
[WhiteElo "2623"]
[BlackElo "2548"]
[Annotator "TA"]
[PlyCount "95"]
[EventDate "2021.11.08"]
[EventType "team-tourn"]
[EventCountry "SLO"]
[SourceTitle "playchess.com"]
[Source "ChessBase"]
[SourceQuality "1"]
[WhiteTeam "Poland"]
[BlackTeam "Czech Republic"]
[WhiteTeamCountry "POL"]
[BlackTeamCountry "CZE"]

{[%evp 20,95,32,54,34,33,56,55,54,38,62,57,58,59,46,60,53,11,24,29,47,47,77,33,
36,37,104,0,96,66,107,81,166,147,224,132,133,140,139,153,179,97,110,68,95,49,
132,120,159,154,229,149,158,127,154,147,163,166,257,254,432,431,412,386,416,
406,512,436,923,908,927,912,1130,834,838,814,742,714]} 1. e4 c5 2. Nf3 Nc6 3.
d4 cxd4 4. Nxd4 g6 5. Nc3 Bg7 6. Be3 Nf6 7. Nxc6 bxc6 8. e5 Nd5 9. Nxd5 cxd5
10. Qxd5 Rb8 11. O-O-O Bb7 {B34: Sicilian: Accelerated Dragon with 5 Nc3:
sidelines.} 12. Qd2 $5 {[%mdl 4] Exploring less charted territory.} Bxe5 {[#]}
13. Bxa7 $146 ({Predecessor:} 13. Bd4 Bxd4 14. Qxd4 O-O 15. Qxd7 Qa5 16. a3
Rfd8 17. Qg4 Rxd1+ 18. Qxd1 Qe5 19. c3 {1-0 (34) Butolo,A (1752)-Tikhonov,V 
(2274) Chess.com INT 2021}) 13... Ra8 {White is slightly better.} 14. Qe3 {
[%cal Re3e5]} Qc7 {Hoping for ...Bf4.} 15. Bb6 Qb8 16. Kb1 Bf4 17. Qb3 O-O 18.
Be3 Bxe3 19. Qxe3 Qc7 $1 20. a3 e5 21. c4 Rfb8 22. h4 Bc6 ({Better is} 22... d5
$14) 23. Rd2 ({White should play} 23. h5 $16) 23... Qb7 (23... Qa5 $11) 24. f3
h5 25. Be2 $1 (25. Qxe5 $2 Rxa3 26. Rd3 Raa8 $19) 25... Ra6 (25... Ra5 $16) 26.
Rc1 $18 (26. Qxe5 $2 Rxa3 27. Rd3 Raa8 $19) 26... e4 (26... d6 $16 27. c5 Bb5
28. Bxb5 (28. cxd6 Rxd6 29. Bxb5 Rxd2 $16) 28... Qxb5) 27. f4 (27. c5 $1 $18)
27... Rb6 {[%cal Rb6b2]} 28. b4 d5 {White must now prevent ...Rxb4+!} 29. Rb2
dxc4 30. Bxc4 (30. f5 $1 $18) 30... Bd7 31. Bb3 Ra6 32. Rc5 Qa7 {[#]} (32...
Bf5 $1 $14) 33. Rc3 $1 $16 ({Worse is} 33. Qxe4 Re8 $17) 33... Qxe3 34. Rxe3
Rd6 (34... Kf8 $16 {keeps fighting.}) 35. Rc2 Kf8 36. Rc7 ({Much worse is} 36.
Rxe4 $6 Bf5 $11) 36... f5 37. Kc2 Ke8 38. Rc5 Ra8 {[#]} (38... Kd8 {was
necessary.} 39. Bc4 Rb7) 39. b5 $1 $18 Kd8 $2 (39... Be6 {is a better defense.}
40. Bxe6 Rxe6) 40. a4 {[%cal Ba3a4,Ba4a5,Ba5a6][%mdl 32]} Be6 41. Bxe6 Rxe6 {
[%mdl 4096] Endgame KRR-KRR} 42. Rd5+ Ke7 43. Kb3 {White is clearly winning.}
Rc8 (43... Rd8 $142) 44. a5 Rc1 45. a6 Rb6 46. Kb2 Rc7 47. Rc3 Ra7 48. Ka3 {
Weighted Error Value: White=0.16/Black=0.34} 1-0

[Event "23rd ETCC Open 2021"]
[Site "Catez"]
[Date "2021.11.18"]
[Round "6.25"]
[White "Indjic, Aleksandar"]
[Black "Agopov, Mikael"]
[Result "1-0"]
[WhiteElo "2612"]
[BlackElo "2430"]
[Annotator "TA"]
[PlyCount "79"]
[EventDate "2021.11.08"]
[EventType "team-tourn"]
[EventCountry "SLO"]
[SourceTitle "playchess.com"]
[Source "ChessBase"]
[SourceQuality "1"]
[WhiteTeam "Serbia"]
[BlackTeam "Finland"]
[WhiteTeamCountry "SRB"]
[BlackTeamCountry "FIN"]

{[%evp 15,79,23,31,3,6,14,17,0,0,-20,23,7,85,75,82,77,75,70,68,0,47,51,73,49,
67,79,78,48,168,158,161,165,168,165,174,161,187,195,181,194,178,190,181,177,
181,180,160,133,162,140,158,123,97,103,172,173,182,175,300,273,552,571,1157,
1139,1397,870]} 1. d4 Nf6 2. c4 e6 3. Nf3 b6 4. a3 Ba6 5. Qc2 Bb7 6. Nc3 c5 7.
e4 cxd4 8. Nxd4 Bc5 9. Nf3 {E12: Queen's Indian: Unusual White 4th moves, 4 a3,
4 Nc3 Bb7 5 a3 and 4 Nc3 Bb7 .} Nc6 10. b4 Bd6 11. Bb2 {The position is equal.}
a5 {[#]} 12. Nb5 $146 ({Predecessor:} 12. b5 Ne5 13. O-O-O Qc7 14. Kb1 Rc8 15.
Nd2 Neg4 16. Nb3 a4 17. Nd4 O-O 18. Ka1 {0-1 (33) Sorensen,H (2382)-Beerdsen,T
(2454) Braganca 2021}) 12... Bb8 13. e5 Ng4 (13... Nh5 $1 $11) 14. Nd6+ $1 $16
Bxd6 15. exd6 f6 16. b5 $36 {[%cal Rb5c6][%mdl 2048] White has good play.} Nce5
17. Be2 (17. Nxe5 $14 Nxe5 18. f4) 17... Nxf3+ (17... Bxf3 $5 18. gxf3 Nh6 $11)
18. gxf3 Ne5 {[#]} 19. Rg1 $1 {[%cal Rg1g7]} O-O 20. Rg3 Rc8 21. O-O-O {
aiming for Rdg1.} Rc5 (21... Ng6 $1 $14) 22. Rdg1 $18 Rf7 23. Bd4 Qc8 24. f4 ({
Much worse is} 24. Bxc5 $6 Qxc5 25. f4 Ng6 $11) 24... Ng6 {[#]} 25. Rh3 $1 {
Rxg6 is the strong threat.} ({Don't play} 25. Bxc5 $6 Qxc5 26. Qd2 Nh4 $14)
25... Rf5 26. Be3 (26. Bxb6 Nxf4 27. Rb3 a4 $11) 26... Qb8 27. Rd1 (27. Bxb6
Qxd6 28. Bxa5 Nxf4 $15) 27... Bg2 28. Rg3 Ba8 29. Bd3 Rh5 30. Bxg6 hxg6 31. h3
Rh4 32. Kb2 Qc8 33. Rdg1 g5 34. Rg4 Rxg4 (34... Rh8 $16) 35. hxg4 Qb8 36. fxg5
Qxd6 (36... fxg5 $142 37. Qd2 Qb7) 37. g6 Rf8 (37... Qe5+ {might work better.}
38. Qc3 Rf8 39. Qxe5 (39. Bxb6 Qe2+ 40. Kb3 Bd5 $16) 39... fxe5 40. Bxb6 Be4)
38. f4 {Hoping for Rd1.White is clearly winning.} Rc8 {Black hopes to continue
with ...Bf3.} 39. Rd1 Bd5 40. Qd3 {[%mdl 64] Pin.  Weighted Error Value:
White=0.07/Black=0.31} 1-0

[Event "23rd ETCC Open 2021"]
[Site "Catez"]
[Date "2021.11.18"]
[Round "6.26"]
[White "Koykka, Pekka"]
[Black "Ivic, Velimir"]
[Result "0-1"]
[WhiteElo "2353"]
[BlackElo "2620"]
[Annotator "TA"]
[PlyCount "80"]
[EventDate "2021.11.08"]
[EventType "team-tourn"]
[EventCountry "SLO"]
[SourceTitle "playchess.com"]
[Source "ChessBase"]
[SourceQuality "1"]
[WhiteTeam "Finland"]
[BlackTeam "Serbia"]
[WhiteTeamCountry "FIN"]
[BlackTeamCountry "SRB"]

{[%evp 9,80,8,21,14,27,26,22,22,29,0,0,0,0,-1,0,-13,-18,-23,0,0,0,0,0,0,0,0,0,
-6,-6,-16,-5,-39,-39,-45,-38,-38,-41,-44,-46,-46,-46,-47,-30,-66,-75,-141,-134,
-165,-175,-169,-167,-165,-165,-332,-332,-325,-308,-478,-470,-544,-455,-454,
-451,-468,-458,-1296,-1290,-1360,-1337,-5514,-1386,-29978,-3024]} 1. d4 d5 2.
c4 e6 3. Nc3 Nf6 4. cxd5 exd5 5. Bg5 Bb4 6. Qa4+ {D35: Queen's Gambit Declined:
Exchange Variation.} Nc6 7. e3 h6 8. Bxf6 {The position is equal. 8.Bh4 is
vanishing.} Qxf6 9. Bb5 {[#] Hoping for Qxb4.} O-O 10. Nge2 a5 {[#]} 11. a3
$146 ({Predecessor:} 11. O-O Ne7 12. Bd3 c6 13. e4 dxe4 14. Nxe4 Qg6 15. Qc2
Nd5 16. N4c3 Qf6 17. Nxd5 cxd5 {1/2-1/2 (37) Gareyev,T (2587)-Bora,S (2423)
Indianapolis 2021}) 11... Bxc3+ 12. Nxc3 Qg6 13. g3 Bh3 14. Bf1 Bxf1 15. Kxf1
Qe6 16. Kg2 Ne7 17. Qb5 Rfb8 18. Rhc1 c6 19. Qd3 Nf5 20. Qc2 (20. Re1 {feels
hotter.} Nd6 21. Qc2 h5 22. h4 Re8 23. Na4) 20... Re8 21. Kg1 h5 22. Qd1 Qg6
23. Ne2 Qg5 24. Nf4 g6 25. Rc3 Kg7 26. Ng2 h4 27. Qf3 (27. g4 $142 Nd6 28. Qf3)
27... Re4 28. Nf4 hxg3 29. hxg3 Rh8 30. Qg2 Qh6 31. Rd3 $2 (31. Ne2 {is a
better defense.}) 31... g5 $19 32. Ne2 Re6 {...Qh7 is the strong threat.} 33.
Kf1 (33. Rad1 {might work better.} Qh7 34. g4) 33... Qh7 34. Rc3 {White hopes
to continue with g4.} Rh6 35. g4 Nd6 36. Ng3 {[#]} Rh1+ $1 {[%mdl 512]} 37. Ke2
(37. Nxh1 $142 Qxh1+ 38. Qg1) 37... Rxa1 38. Nh5+ Kf8 {Threatens to win with ..
.Qb1.} 39. Qg3 Qg6 40. Qe5 Rxh5 {Weighted Error Value: White=0.77/Black=0.04}
0-1

[Event "23rd ETCC Open 2021"]
[Site "Catez"]
[Date "2021.11.18"]
[Round "6.27"]
[White "Ivanisevic, Ivan"]
[Black "Nyysti, Sampsa"]
[Result "1-0"]
[WhiteElo "2604"]
[BlackElo "2325"]
[Annotator "TA"]
[PlyCount "71"]
[EventDate "2021.11.08"]
[EventType "team-tourn"]
[EventCountry "SLO"]
[SourceTitle "playchess.com"]
[Source "ChessBase"]
[SourceQuality "1"]
[WhiteTeam "Serbia"]
[BlackTeam "Finland"]
[WhiteTeamCountry "SRB"]
[BlackTeamCountry "FIN"]

{[%evp 21,71,27,20,18,20,0,18,0,0,-5,0,0,0,0,0,-8,0,0,0,0,8,-12,27,0,7,12,12,0,
0,0,0,0,20,20,30,23,28,0,0,0,95,96,696,704,918,913,29984,29985,29985,29986,
29982,9633]} 1. d4 Nf6 2. c4 e6 3. Nc3 Bb4 4. e3 O-O 5. Bd3 c5 6. Nge2 d5 7.
cxd5 cxd4 8. exd4 Qxd5 9. O-O Qh5 10. Ne4 Nxe4 11. Bxe4 Nc6 12. Bf4 {E41:
Nimzo-Indian: Rubinstein: 4...c5 5 Bd3, including Hübner Variation.} Rd8 {[#]}
13. Bf3 $146 ({Predecessor:} 13. Rc1 Bd7 14. Bf3 Qb5 15. a3 Be7 16. b4 Be8 17.
d5 Bf6 18. Bc7 Rxd5 19. Bxd5 Qxd5 20. Rc5 Qa2 21. b5 Ne7 22. Bd6 Nd5 23. Rc2
Qb3 24. Rc8 Qxd1 25. Rxa8 Nc7 26. Rxe8+ {1-0 (26) Yashtylov,A (2319)
-Kolomensky,V (2257) Orsk 2000}) 13... Qa5 14. a3 {The position is equal.} Bd6
15. b4 Qc7 16. Bg3 Bxg3 17. hxg3 Qb6 {[%cal Rc6d4]} 18. Qa4 Bd7 19. b5 Ne7 {
[%cal Bc6e7,Be7f5,Bf5d6][%mdl 32]} 20. Qb4 Nf5 21. Rab1 Rab8 22. Rfd1 a6 {
[%cal Rb6b5]} 23. a4 Be8 24. Be4 Nd6 25. Bd3 axb5 26. axb5 Ra8 27. Nf4 g6 28.
Re1 Nf5 29. Bxf5 (29. d5 $5 {[%cal Rd5e6]}) 29... Rxd4 30. Qc3 {[%cal Rf5e6]
aiming for Bxe6!} gxf5 {[#]} (30... exf5 $11 31. Rbd1 Rxd1 32. Rxd1 Qa5) 31.
Nh5 $1 $40 {[%mdl 128] Threatens to win with Qe3! Black is in trouble.} h6 $2 {
[%mdl 8192] Black cannot hold the game after this.} (31... Qd6 $16) 32. Qe3 $18
Kh7 {[#]} 33. Rb4 $3 {[%mdl 576] Pin} Rd6 (33... Qd8 34. Rxd4) 34. Qe5 {
[%csl Gh5][%cal Re5g7] White mates.} f6 35. Nxf6+ Kg6 {[#]} 36. Nh5 $1 {
[%mdl 512] Weighted Error Value: White=0.06/Black=0.66} 1-0

[Event "23rd ETCC Open 2021"]
[Site "Catez"]
[Date "2021.11.18"]
[Round "6.28"]
[White "Ronka, Erik"]
[Black "Perunovic, Milos"]
[Result "1/2-1/2"]
[WhiteElo "2321"]
[BlackElo "2541"]
[Annotator "ChessBase"]
[PlyCount "64"]
[EventDate "2021.11.08"]
[EventType "team-tourn"]
[EventCountry "SLO"]
[SourceTitle "playchess.com"]
[Source "ChessBase"]
[SourceQuality "1"]
[WhiteTeam "Finland"]
[BlackTeam "Serbia"]
[WhiteTeamCountry "FIN"]
[BlackTeamCountry "SRB"]
[TimeControl "40/5400+30:1800+30"]

1. e4 c5 2. Nf3 Nc6 3. d4 cxd4 4. Nxd4 e5 5. Nb5 d6 6. N1c3 a6 7. Na3 Be6 8.
Nc4 Rb8 9. Nd5 Nf6 10. Nxf6+ Qxf6 11. Nxd6+ Bxd6 12. Qxd6 Rd8 13. Qa3 Qg6 14.
Be3 Qxe4 15. Bd3 Qb4+ 16. Qxb4 Nxb4 17. Ke2 f5 18. f3 O-O 19. a3 Nc6 20. c3 e4
21. fxe4 fxe4 22. Bc2 Bc4+ 23. Ke1 Ne5 24. Bd4 Nd3+ 25. Bxd3 exd3 26. Kd2 Rde8
27. Rhe1 Re2+ 28. Rxe2 dxe2 29. b3 Rf1 30. Re1 Rxe1 31. Kxe1 Bxb3 32. Kxe2 Kf7
1/2-1/2

[Event "23rd ETCC Open 2021"]
[Site "Catez"]
[Date "2021.11.18"]
[Round "6.29"]
[White "Jobava, Baadur"]
[Black "Yilmaz, Mustafa"]
[Result "1-0"]
[WhiteElo "2582"]
[BlackElo "2626"]
[Annotator "TA"]
[PlyCount "87"]
[EventDate "2021.11.08"]
[EventType "team-tourn"]
[EventCountry "SLO"]
[SourceTitle "playchess.com"]
[Source "ChessBase"]
[SourceQuality "1"]
[WhiteTeam "Georgia"]
[BlackTeam "Turkey"]
[WhiteTeamCountry "GEO"]
[BlackTeamCountry "TUR"]

{[%evp 9,87,9,9,6,6,0,3,0,0,0,-3,-1,0,0,0,0,0,0,0,0,20,0,0,-3,-11,-63,-33,-54,
7,-60,-52,-65,-25,-67,-74,-42,0,0,81,7,79,12,102,98,159,142,354,356,356,344,
358,353,356,339,314,319,358,356,355,362,456,456,510,500,1067,1047,1052,1030,
1025,1003,959,887,1193,826,5226,5206,5206,2505,1819,1655]} 1. c4 e5 2. d3 Bb4+
3. Nd2 Nf6 4. Ngf3 Qe7 5. e3 {[#]} c5 $146 ({Predecessor:} 5... O-O 6. a3 Bxd2+
7. Bxd2 c5 8. Be2 Nc6 9. O-O d5 10. cxd5 Nxd5 11. Qc2 Bd7 12. Rfc1 b6 13. Qc4
Be6 14. Qa4 Bd7 15. Qc4 Be6 16. Qa4 Bd7 {1/2-1/2 (16) Csom,I (2455)-Ruck,R 
(2460) Hungary 1995}) 6. Be2 {A20: English Opening: 1...e5.} Nc6 7. O-O Ba5 8.
a3 {The position is equal.} O-O 9. b4 cxb4 10. Nb3 Bc7 11. axb4 Nxb4 12. Ba3 {
Black must now prevent Qd2.} a5 13. Qb1 Ra6 14. d4 e4 15. Nfd2 Re8 16. Rc1 d5
17. cxd5 {[#]} (17. g3 $11) 17... Bxh2+ $1 $15 18. Kf1 $1 Ra8 {[#]} ({Black
should play} 18... Rb6 $15 19. Nc4 Ra6) 19. Nxa5 $1 Nfxd5 {Threatens to win
with ...Qh4.} (19... Rxa5 20. Bxb4 Rxa1 21. Bxe7 $16) 20. Bxb4 Qh4 (20... Nxb4
$2 21. Nc6 $1 $18 {[%mdl 512]}) (20... Qxb4 21. Qxb4 Nxb4 22. Bb5 $14) 21. Nf3
exf3 22. Bxf3 Nf6 23. Be7 Be6 (23... Rxe7 $11 {keeps the balance.} 24. Nc6 bxc6
25. Rxa8 Re8) 24. Qb4 (24. Bxf6 $16 Qxf6 25. Nxb7 (25. Qxb7 Qf5 $14)) 24...
Rac8 (24... Rxa5 $11 25. Rxa5 Bd6 $1 26. Bxd6 Qh1+ 27. Ke2 Qxc1) 25. Ke2 ({
Don't play} 25. Nxb7 $6 Rxc1+ 26. Rxc1 Bd6 $11) ({But not} 25. Qxb7 $6 Bg3 $11)
(25. Bxb7 $2 Rxc1+ 26. Rxc1 Bd6 $1 $19) ({Better is} 25. Nb3 $16) 25... Qg5 (
25... Bg1 $1 $11 {remains equal.} 26. g3 (26. Rxg1 Rc2+ 27. Kd1 Qxf2 $17 {
[%mdl 64] Double Attack}) 26... Rxc1 27. Rxc1 Qh2) 26. Nxb7 Qg6 ({Black should
try} 26... Rb8) 27. Bxf6 $16 Rc2+ {Loses the game.} (27... gxf6 $16 {was worth
a try.} 28. Nc5 Bf5) 28. Rxc2 $18 Qxc2+ {[#]} 29. Qd2 $1 {[%cal Rd2c2]} Qc4+
30. Ke1 gxf6 31. Rc1 Qa6 32. Nc5 Qa3 33. g3 Bh3 {Now ...Bxg3 and Black clings
on.} 34. Qc3 Qa7 35. Ra1 {White is clearly winning.} Qb8 36. Kd2 f5 (36... Kg7
$142 37. Rh1 Bxg3) 37. Ra8 Qxa8 38. Bxa8 Rxa8 39. Qb3 Bg2 40. Nd3 Ra5 41. Nf4
Be4 42. Qb8+ Kg7 43. Nh5+ Kh6 44. Qb6+ {[%mdl 64] Double Attack.  Weighted
Error Value: White=0.17/Black=0.30} 1-0

[Event "23rd ETCC Open 2021"]
[Site "Catez"]
[Date "2021.11.18"]
[Round "6.30"]
[White "Dastan, Muhammed Batuhan"]
[Black "Paichadze, Luka"]
[Result "1/2-1/2"]
[WhiteElo "2572"]
[BlackElo "2551"]
[Annotator "ChessBase"]
[PlyCount "156"]
[EventDate "2021.11.08"]
[EventType "team-tourn"]
[EventCountry "SLO"]
[SourceTitle "playchess.com"]
[Source "ChessBase"]
[SourceQuality "1"]
[WhiteTeam "Turkey"]
[BlackTeam "Georgia"]
[WhiteTeamCountry "TUR"]
[BlackTeamCountry "GEO"]
[TimeControl "40/5400+30:1800+30"]

1. d4 Nf6 2. c4 e6 3. Nc3 Bb4 4. Qc2 O-O 5. e4 d5 6. e5 Ne4 7. Bd3 c5 8. Nf3
cxd4 9. Nxd4 Nd7 10. Bf4 Qh4 11. g3 Qh5 12. O-O g5 13. cxd5 Bxc3 14. Be3 exd5
15. bxc3 Nxe5 16. Bxe4 dxe4 17. Qxe4 Ng4 18. Nf3 f6 19. Qd5+ Qf7 20. Qxf7+ Kxf7
21. Bc5 Re8 22. Rfe1 Rxe1+ 23. Rxe1 Be6 24. a4 b6 25. Bd4 Bd5 26. Nd2 Nh6 27.
f3 Nf5 28. Bf2 Rc8 29. a5 Rxc3 30. axb6 axb6 31. Bxb6 Rd3 32. Re2 Bxf3 33. Nxf3
Rxf3 34. Rf2 Rxf2 35. Kxf2 g4 36. Ke2 Ke6 37. Kd3 Ne7 38. Ke4 h5 39. Bd8 Nc6
40. Bc7 Ne5 41. Kf4 Nc4 42. Bd8 Nd2 43. Bb6 Nc4 44. Bd8 Ne5 45. Bc7 Nf7 46. Ba5
Ng5 47. Bb6 Nh3+ 48. Ke4 f5+ 49. Ke3 Kf6 50. Bd8+ Kg6 51. Bc7 Ng5 52. Bf4 Ne6
53. Be5 Kg5 54. Bd6 Kf6 55. Bb8 Ke7 56. Be5 Kf7 57. Bd6 Kf6 58. Bb8 Nf8 59. Bd6
Ng6 60. Bc7 Kf7 61. Bd8 Ke6 62. Bc7 Ke7 63. Bb8 Kf6 64. Bc7 Kg5 65. Bd8+ Kh6
66. Bc7 Nf8 67. Bf4+ Kg6 68. Bd6 Nh7 69. Bc7 Ng5 70. Bf4 Nh3 71. Bc7 Kf6 72.
Bd8+ Ke6 73. Bc7 Ng1 74. Bb8 Kf6 75. Bc7 Kg6 76. Bf4 h4 77. gxh4 Kh5 78. Kf2
Nh3+ 1/2-1/2

[Event "23rd ETCC Open 2021"]
[Site "Catez"]
[Date "2021.11.18"]
[Round "6.31"]
[White "Pantsulaia, Levan"]
[Black "Can, Emre"]
[Result "1/2-1/2"]
[WhiteElo "2571"]
[BlackElo "2570"]
[Annotator "ChessBase"]
[PlyCount "125"]
[EventDate "2021.11.08"]
[EventType "team-tourn"]
[EventCountry "SLO"]
[SourceTitle "playchess.com"]
[Source "ChessBase"]
[SourceQuality "1"]
[WhiteTeam "Georgia"]
[BlackTeam "Turkey"]
[WhiteTeamCountry "GEO"]
[BlackTeamCountry "TUR"]
[TimeControl "40/5400+30:1800+30"]

1. c4 e5 2. g3 c6 3. d4 e4 4. Nc3 d5 5. cxd5 cxd5 6. Qb3 Nc6 7. Qxd5 Qxd5 8.
Nxd5 Nxd4 9. Bg5 Be6 10. Nc7+ Kd7 11. Nxe6 Bb4+ 12. Bd2 Bxd2+ 13. Kxd2 Kxe6 14.
e3 Nc6 15. Bc4+ Ke7 16. Ne2 Nf6 17. Rhc1 Rac8 18. Nc3 Rhd8+ 19. Ke1 Nb4 20. Be2
Rc6 21. h3 h5 22. a3 Nd3+ 23. Bxd3 exd3 24. Rd1 g5 25. Rd2 g4 26. hxg4 hxg4 27.
Rad1 Rcd6 28. Nb5 Rb6 29. Nd4 Rh8 30. Nf5+ Ke6 31. Nh4 Rd8 32. b4 Rbd6 33. Ng2
Ke5 34. Nf4 Ke4 35. b5 Nh7 36. Rc1 Ng5 37. Rc4+ Kf3 38. Rd4 Rxd4 39. exd4 Ke4
40. Rxd3 Nf3+ 41. Ke2 Rxd4 42. Re3+ Kf5 43. Rc3 Rd2+ 44. Ke3 Ra2 45. Nd3 f6 46.
b6 axb6 47. Nb4 Rb2 48. Nd3 Rb1 49. a4 Ne5 50. Nxe5 fxe5 51. Rc7 b5 52. a5 Ra1
53. Rf7+ Ke6 54. Rxb7 Rxa5 55. f3 Ra3+ 56. Ke4 Ra4+ 57. Ke3 Rb4 58. fxg4 Rb1
59. Rb6+ Kf7 60. Ke4 b4 61. Kxe5 b3 62. Kf5 Rf1+ 63. Ke4 1/2-1/2

[Event "23rd ETCC Open 2021"]
[Site "Catez"]
[Date "2021.11.18"]
[Round "6.32"]
[White "Sanal, Vahap"]
[Black "Quparadze, Giga"]
[Result "1/2-1/2"]
[WhiteElo "2590"]
[BlackElo "2475"]
[Annotator "ChessBase"]
[PlyCount "89"]
[EventDate "2021.11.08"]
[EventType "team-tourn"]
[EventCountry "SLO"]
[SourceTitle "playchess.com"]
[Source "ChessBase"]
[SourceQuality "1"]
[WhiteTeam "Turkey"]
[BlackTeam "Georgia"]
[WhiteTeamCountry "TUR"]
[BlackTeamCountry "GEO"]
[TimeControl "40/5400+30:1800+30"]

1. e4 c5 2. Nc3 e6 3. g3 Nc6 4. Bg2 g6 5. d3 Bg7 6. Be3 Nd4 7. Nce2 d5 8. c3
Nxe2 9. Nxe2 dxe4 10. dxe4 Qc7 11. b4 c4 12. Nd4 Bd7 13. f4 Ne7 14. O-O O-O 15.
a4 e5 16. fxe5 Bxe5 17. Bh6 Bg7 18. Bf4 Be5 19. Bh6 Bg7 20. Bf4 Be5 21. Qd2 a6
22. Nf3 Bxf4 23. gxf4 Rad8 24. Nd4 Nc6 25. f5 f6 26. fxg6 hxg6 27. Qh6 Ne5 28.
Qh4 Qd6 29. a5 Kg7 30. Qg3 Rh8 31. Rf5 Rdf8 32. Raf1 Rh7 33. h4 Kh8 34. R5f2
Qe7 35. Bh3 Nd3 36. Rg2 Bxh3 37. Qxh3 Qxe4 38. Rg4 Qe8 39. Qg3 Rh6 40. Nf3 Qe6
41. Ng5 Qc8 42. Ne4 Qe6 43. Ng5 Qc8 44. Ne4 Qe6 45. Ng5 1/2-1/2